Doctrina militar soviética : (Record no. 70920)

MARC details
000 -LEADER
campo de control de longitud fija 00843nam a2200241 i 4500
001 - NÚMERO DE CONTROL
campo de control 70920
003 - IDENTIFICADOR DE NÚMERO DE CONTROL
campo de control ES-MaACL
005 - FECHA Y HORA DE LA ÚLTIMA TRANSACCIÓN
campo de control 20250815082226.0
007 - CAMPO FIJO DE DESCRIPCIÓN FÍSICA--INFORMACIÓN GENERAL
campo de control de longitud fija t|
008 - DATOS DE LONGITUD FIJA--INFORMACIÓN GENERAL
campo de control de longitud fija 040804s1956 sp ||||1| spa d
080 ## - NÚMERO DE LA CLASIFICACIÓN DECIMAL UNIVERSAL
Número de la Clasificación Decimal Universal 355(47)
100 1# - ENTRADA PRINCIPAL--NOMBRE DE PERSONA
Nombre de persona Garthoff, Raymond L.
9 (RLIN) 55794
245 10 - MENCIÓN DEL TÍTULO
Título Doctrina militar soviética :
Resto del título cómo hace la guerra Rusia /
Mención de responsabilidad, etc. L. Raymond Garthoff ; traducción del inglés por Juan Santa-Cruz Vergara.
260 ## - PUBLICACIÓN, DISTRIBUCIÓN, ETC.
Lugar de publicación, distribución, etc. Madrid :
Nombre del editor, distribuidor, etc. Aguilar,
Fecha de publicación, distribución, etc. 1956 (
Fabricante Orbe)
300 ## - DESCRIPCIÓN FÍSICA
Extensión XIX, 567 p. ;
Dimensiones 22 cm.
490 1# - MENCIÓN DE SERIE
Mención de serie Biblioteca de ciencias sociales
650 #4 - PUNTO DE ACCESO ADICIONAL DE MATERIA--TÉRMINO DE MATERIA
Término de materia o nombre geográfico como elemento de entrada Ejército-
Subdivisión geográfica Rusia.
9 (RLIN) 173704
650 #4 - PUNTO DE ACCESO ADICIONAL DE MATERIA--TÉRMINO DE MATERIA
Término de materia o nombre geográfico como elemento de entrada Arte y ciencia militar-
Subdivisión geográfica Rusia.
9 (RLIN) 173705
700 1# - ENTRADA AGREGADA--NOMBRE PERSONAL
Nombre de persona Santa-Cruz Vergara, Juan.
9 (RLIN) 103239
830 10 - PUNTO DE ACCESO ADICIONAL DE SERIE-TÍTULO UNIFORME
Título uniforme Biblioteca de ciencias sociales (Aguilar)
9 (RLIN) 220462
852 ## - LOCALIZACIÓN
Ubicación ES-MaACL
Número de control de estantería C-11550
Holdings
Estatus retirado Estado de pérdida Estado de daño No para préstamo Biblioteca de origen Biblioteca actual Ubicación en estantería Fecha de adquisición Fuente de adquisición Total de préstamos Signatura topográfica completa Código de barras Visto por última vez Precio de reemplazo Tipo de ítem Koha
        Biblioteca del Ateneo de Madrid Biblioteca del Ateneo de Madrid Sala Palomar 17/01/2008     C-11550 1074267 23/02/2023 23/02/2023 Libro impreso